Statistics for Country by Emojis: The Americas

Click here to take the quiz!

General Stats

  • This quiz has been taken 19 times
  • The average score is 11 of 24

Answer Stats

Answer% Correct
United States
86%
Peru
79%
Brazil
71%
Canada
71%
Chile
64%
Cuba
57%
Jamaica
57%
Mexico
57%
Argentina
50%
Ecuador
50%
Colombia
43%
Guatemala
43%
Haiti
43%
Panama
43%
Bolivia
36%
Suriname
36%
Uruguay
36%
Venezuela
36%
Bahamas
29%
Costa Rica
29%
El Salvador
29%
Paraguay
29%
Trinidad and Tobago
29%
Dominican Republic
21%

Score Distribution

Percentile by Number Answered

Percent of People with Each Score

Your Score History

You have not taken this quiz